000 00280nam a22001217a 4500
008 181005b xxu||||| |||| 00| 0 eng d
041 _aeng
080 _a573
100 _a11
101 _aBIO
245 _aAnalysis Of Drugs In biological Fluids
_cJose.ch
942 _2udc
_cBK
999 _c48916
_d48916